El diseño de la investigación administrativa (Registro nro. 12)

Detalles MARC
000 -Cabecera
Campo de control de longitud fija 00690atm a2200253 4500
005 - Fecha y hora de la última transacción
Campo de control 20260408170829.0
008 - Elementos de longitud fija--Información general
Campo de control de longitud fija 150519b1995 xxu||||| |||| 00| 0 spa d
041 ## - Idioma
Código de idioma Español
082 ## - Clasificación Decimal Dewey
Número de clasificación 001.42 P153d
100 ## - Entrada principal--Autor personal
Nombre personal Palacios Echeverría, Alfonso José
245 ## - Título propiamente dicho
Título El diseño de la investigación administrativa
260 ## - Pie de imprenta
Lugar de publicación, distribución, etc. Costa Rica
260 ## - Pie de imprenta
Nombre del editor, distribuidor, etc. Ediciones Guayacán
260 ## - Pie de imprenta
Fecha de publicación, distribución, etc. 1995
300 ## - Descripción física
Extensión 114 páginas
490 ## - Serie
Título de la Serie Temática General
650 ## - Materia general
Temática (materia general) MÉTODOS DE INVESTIGACIÓN
650 ## - Materia general
Temática (materia general) PLANEACIÓN DE LA INVESTIGACION
650 ## - Materia general
Temática (materia general) METODOLOGÍA
650 ## - Materia general
Temática (materia general) INVESTIGACIÓN ADMINISTRATIVA
650 ## - Materia general
Temática (materia general) PLAN DE TRABAJO
650 ## - Materia general
Temática (materia general) ANÁLISIS
942 ## - Punto de acceso adicional KOHA
Tipo de ítem KOHA Libro
Fuente del sistema de clasificación o colocación Dewey Decimal Classification
Existencias
Signatura completa Código de barras Programa Académico Tipo de ítem
001.42 P153d 2435 Temática General Libro
001.42 P153d 9174   Libro